Anthropology and political economy : Theoretical and Asian perspectives

Đã lưu trong:
書目詳細資料
主要作者: Clammer, John
格式: 圖書
語言:Undetermined
出版: Houndmills MacMillan 1985
主題:
標簽: 添加標簽
沒有標簽, 成為第一個標記此記錄!
Thư viện lưu trữ: Trung tâm Học liệu Trường Đại học Cần Thơ
LEADER 00502nam a2200181Ia 4500
001 CTU_79622
008 210402s9999 xx 000 0 und d
082 |a 306.3 
082 |b C586 
100 |a Clammer, John 
245 0 |a Anthropology and political economy : 
245 0 |b Theoretical and Asian perspectives 
245 0 |c John Clammer 
260 |a Houndmills 
260 |b MacMillan 
260 |c 1985 
650 |a Economic anthropology 
980 |a Trung tâm Học liệu Trường Đại học Cần Thơ